| 000 | 01022nam a22003497a 4500 | ||
|---|---|---|---|
| 003 | CHAP | ||
| 005 | 20220817042520.0 | ||
| 008 | 971013s1954 r 00010 d | ||
| 010 | _a46885 | ||
| 011 | _a47857 | ||
| 035 | _a52000 | ||
| 040 | _cCHAP | ||
| 082 |
_a641.3318 _bF3 |
||
| 110 | _aFAO | ||
| 245 | _aRice enrichment in the Philippines | ||
| 260 |
_aRome : _bFAO, _c1954 |
||
| 300 | _a109 p. | ||
| 490 |
_aFAO. Estudios sobre nutrición _v; 12 |
||
| 590 |
_aBATCH-UPD _b10 _c20130110 _lUCH01 _h1126 |
||
| 590 |
_aBATCH-UPD _b10 _c20130410 _lUCH01 _h0716 |
||
| 590 |
_aBATCH-UPD _b10 _c20130914 _lUCH01 _h0403 |
||
| 590 |
_aBATCH-UPD _b10 _c20130914 _lUCH01 _h2121 |
||
| 590 |
_aCONVERSION _b10 _c20130109 _lUCH01 _h1326 |
||
| 650 | 1 | 4 |
_aArroz. _97554 |
| 650 | 1 | 4 |
_aBeriberi. _911799 |
| 650 | 1 | 4 |
_aNutrición. _982246 |
| 700 | 0 |
_aAalsmeer, W. C. _9124 |
|
| 830 | 0 |
_aFAO. Estudios sobre nutrición _v; 12 _939552 |
|
| 901 | _aBK | ||
| 942 | _cLIBRO | ||
| 949 |
_a641.3318 F3 _bBC _cFAO _d-116084 _eFAO1 _h24901 _i52000 _si |
||
| 999 |
_c46885 _d46885 |
||